000 00709nam a2200229Ia 4500
005 20260429112044.0
008 260429s9999||||xx |||||||||||||| ||und||
020 _a9781805129233
041 _aEnglish
082 _a006.31
_bCER
100 _aCerqueira, Vitor
245 0 _aDeep learning for time series cookbook :
_buse pytorch and python recipes for forecasting, classification, and anomaly detection /
_cVitor Cerqueira
250 _a1st ed.
260 _aBirmingham :
_bPackt Publishing,
_c2024.
300 _axix, 253 p.; pbk
650 _a Machine learning
650 _a PyTorch
650 _a Time series forecasting
650 _aDeep learning
700 _a Roque, Luís
942 _cTB
999 _c52112
_d52112